[Event "SRB-chT3 North CS"]
[Site "Serbia"]
[Date "2017.10.13"]
[Round "7.4"]
[White "Djuric, Zoran"]
[Black "Rancic, Katarina"]
[Result "1-0"]
[WhiteElo "2257"]
[BlackElo "1939"]
[PlyCount "43"]
[EventDate "2017.09.03"]
[EventType "team-tourn"]
[EventRounds "11"]
[EventCountry "SRB"]
[SourceTitle "EXT 2021"]
[Source "ChessBase"]
[SourceDate "2020.10.23"]
[SourceVersion "1"]
[SourceVersionDate "2020.10.23"]
[SourceQuality "1"]

1. e4 e5 2. Nf3 d6 3. d4 Nc6 4. Nc3 Nf6 5. dxe5 dxe5 6. Qxd8+ Kxd8 7. Bc4 Be6 8. Bxe6 fxe6 9. Bg5 h6 10. Bh4 g5 11. Bg3 Bd6 12. 0-0-0 Kd7 13. Bxe5 Nxe5 14. Nxe5+ Ke7 15. Ng6+ Kf7 16. Nxh8+ Rxh8 17. f3 e5 18. h4 Rh7 19. hxg5 hxg5 20. Rxh7+ Nxh7 21. Nb5 a6 22. Nxd6+ 1-0

[Event "Srpska Republic-chT 1st League"]
[Site "Banja Dvorovi"]
[Date "2017.08.17"]
[Round "6.1"]
[White "Burovic, Rijad"]
[Black "Djuric, Zoran"]
[Result "1-0"]
[WhiteElo "2302"]
[BlackElo "2257"]
[PlyCount "99"]
[EventDate "2017.08.12"]
[EventType "team-tourn"]
[EventRounds "9"]
[EventCountry "BIH"]
[SourceTitle "EXT 2019"]
[Source "ChessBase"]
[SourceDate "2018.10.10"]
[SourceVersion "1"]
[SourceVersionDate "2018.10.10"]
[SourceQuality "1"]
[WhiteTeam "Gacko Mladost"]
[BlackTeam "Zvornik Drina"]
[WhiteTeamCountry "BIH"]
[BlackTeamCountry "BIH"]

1. e4 e6 2. d3 d5 3. Nd2 Nf6 4. Ngf3 c5 5. g3 Nc6 6. Bg2 dxe4 7. dxe4 e5 8. 0-0 Bg4 9. h3 Bh5 10. c3 h6 11. g4 Bg6 12. Nh4 Bh7 13. Nf5 Qc7 14. Nc4 Rd8 15. Qe2 b5 16. Nce3 g6 17. Ng3 a6 18. a4 c4 19. axb5 axb5 20. h4 Na5 21. g5 hxg5 22. hxg5 Nb3 23. Ra6 Nd7 24. Nd5 Qb7 25. Be3 Bc5 26. Bh3 Kf8 27. Bxc5+ Nbxc5 28. Rd6 Bg8 29. Bxd7 Rxd7 30. Rb6 Qc8 31. Rxb5 Ne6 32. Qg4 Rb7 33. Rxb7 Qxb7 34. Ra1 Qxb2 35. Rd1 Qc2 36. Kg2 Kg7 37. Qf3 Nf4+ 38. Nxf4 exf4 39. Ra1 Rh4 40. Ne2 Rh5 41. Ra5 Qd3 42. Qxd3 cxd3 43. Nxf4 Rh4 44. Kg3 Rh1 45. Nxd3 Rd1 46. Ne5 Rc1 47. Rc5 Rg1+ 48. Kf4 Rg2 49. Ng4 Rg1 50. f3 1-0

[Event "BIH-chT1"]
[Site "Dvorovi"]
[Date "2016.08.11"]
[Round "6"]
[White "Djuric, Zoran"]
[Black "Pastar, Slaven"]
[Result "1-0"]
[WhiteElo "2228"]
[BlackElo "2238"]
[PlyCount "65"]
[EventDate "2016.08.06"]
[EventType "team-tourn"]
[EventRounds "9"]
[EventCountry "BIH"]
[SourceTitle "CBM 174 Extra"]
[Source "ChessBase"]
[SourceDate "2016.10.10"]
[SourceVersion "1"]
[SourceVersionDate "2016.10.10"]
[SourceQuality "1"]

1. e4 b6 2. d4 Bb7 3. Bd3 e6 4. c4 Nc6 5. Nf3 Nb4 6. Nc3 Nxd3+ 7. Qxd3 Ne7 8. d5 Ng6 9. h4 h5 10. Bg5 Be7 11. 0-0-0 e5 12. d6 cxd6 13. Nb5 f6 14. Be3 a6 15. Nc3 Bc6 16. Kb1 Rb8 17. Nd2 b5 18. cxb5 axb5 19. Nd5 Nf8 20. Nb3 Ne6 21. f3 Nc5 22. Qc2 Ne6 23. Qd2 Bf8 24. g4 hxg4 25. fxg4 Nc5 26. Qc2 Nxb3 27. Qxb3 Qa5 28. Qc2 Qa4 29. b3 Qa3 30. g5 fxg5 31. Bxg5 Qc5 32. Qe2 Bxd5 33. Rxd5 1-0

[Event "Smederevska Palanka Shocha Memorial"]
[Site "Smederevska Palanka"]
[Date "2016.01.10"]
[Round "8"]
[White "Zlatanovic, Boroljub"]
[Black "Djuric, Zoran"]
[Result "1-0"]
[WhiteElo "2449"]
[BlackElo "2285"]
[PlyCount "49"]
[EventDate "2016.01.01"]
[EventType "swiss"]
[EventRounds "9"]
[EventCountry "SRB"]
[SourceTitle "CBM 170 Extra"]
[Source "ChessBase"]
[SourceDate "2016.02.25"]
[SourceVersion "1"]
[SourceVersionDate "2016.02.25"]
[SourceQuality "1"]

1. Nc3 d5 2. e4 d4 3. Nce2 c5 4. Ng3 e5 5. Nf3 Bd6 6. Bc4 Bg4 7. h3 Bxf3 8. Qxf3 Qf6 9. Nf5 Bf8 10. Qb3 b6 11. Bb5+ Nc6 12. Qd5 Rc8 13. d3 Qe6 14. Bg5 Nf6 15. Bxf6 Qxf6 16. f4 exf4 17. 0-0 g6 18. Rxf4 a6 19. Ng7+ Qxg7 20. Bxc6+ Rxc6 21. Qxc6+ Ke7 22. Raf1 f5 23. exf5 Qf6 24. Re4+ Kf7 25. fxg6+ 1-0

[Event "SRB-chT2 West"]
[Site "Kragujevac"]
[Date "2015.10.09"]
[Round "7.6"]
[White "Biljanic, Ljubomir"]
[Black "Djuric, Zoran"]
[Result "1-0"]
[WhiteElo "2230"]
[BlackElo "2215"]
[PlyCount "101"]
[EventDate "2015.09.04"]
[EventType "team-tourn"]
[EventRounds "11"]
[EventCountry "SRB"]
[SourceTitle "EXT 2022"]
[Source "ChessBase"]
[SourceDate "2021.10.06"]
[SourceVersion "1"]
[SourceVersionDate "2021.10.06"]
[SourceQuality "1"]

1. d4 d5 2. c4 e6 3. Nc3 Nf6 4. Bg5 Be7 5. e3 Nbd7 6. Qc2 c6 7. Nf3 h6 8. Bf4 Bb4 9. a3 Ba5 10. Rc1 Ne4 11. b4 Nxc3 12. Qxc3 Bb6 13. Bd3 dxc4 14. Qxc4 Nf6 15. 0-0 0-0 16. Bb1 Qd5 17. Qc2 Qf5 18. Qe2 Qh5 19. Be5 Rd8 20. Qd3 a5 21. Nd2 axb4 22. axb4 Kf8 23. Nc4 Ba7 24. f4 Ne8 25. Qh7 b6 26. f5 f6 27. fxe6 Bxe6 28. Bg6 Bg8 29. Qxg8+ Kxg8 30. Bxh5 fxe5 31. Nxe5 c5 32. Bf3 Rac8 33. Nc6 Rxc6 34. Bxc6 cxd4 35. Ra1 Bb8 36. Bxe8 Rxe8 37. exd4 Rd8 38. Rad1 Rd5 39. g4 Rb5 40. Rc1 Bd6 41. Rc4 Rg5 42. h3 b5 43. Rc8+ Kh7 44. Rf5 Bxb4 45. Rxg5 hxg5 46. d5 Be7 47. Kf1 b4 48. Ke2 b3 49. Kd3 Bf6 50. d6 b2 51. Kc2 1-0

[Event "SRB-CupT Central Serbia"]
[Site "Serbia"]
[Date "2014.05.03"]
[Round "7.3"]
[White "Djuric, Zoran"]
[Black "Jovanovic, Bojan P"]
[Result "0-1"]
[WhiteElo "2233"]
[BlackElo "2254"]
[PlyCount "120"]
[EventDate "2014.03.23"]
[EventType "team"]
[EventRounds "8"]
[EventCountry "SRB"]
[SourceTitle "EXT 2015"]
[Source "ChessBase"]
[SourceDate "2014.11.20"]
[SourceVersion "1"]
[SourceVersionDate "2014.11.20"]
[SourceQuality "1"]

1. e4 e6 2. d4 d5 3. exd5 exd5 4. Nf3 Bd6 5. Bd3 Nc6 6. c3 Nge7 7. h3 f6 8. Qc2 g6 9. Nbd2 Be6 10. Nf1 Qd7 11. Bd2 Bf5 12. Bxf5 Qxf5 13. 0-0-0 Qxc2+ 14. Kxc2 h5 15. Re1 Kf7 16. Ne3 Nd8 17. b3 Ne6 18. Nd1 Rac8 19. Be3 g5 20. Kb1 b6 21. Nb2 c5 22. Rd1 cxd4 23. Bxd4 Nf4 24. g3 Ne2 25. Rd3 g4 26. Nh4 Nxd4 27. cxd4 Ba3 28. hxg4 hxg4 29. Re1 Rc6 30. Rdd1 Rhc8 31. Re2 Rc3 32. Ng2 Nf5 33. Red2 Bf8 34. Ne1 Nd6 35. Na4 R3c6 36. Rc2 Rxc2 37. Nxc2 Ne4 38. Kb2 Nxf2 39. Rd2 Ne4 40. Rd3 Bd6 41. Ne3 Bxg3 42. Nxg4 Bf4 43. Nc3 f5 44. Rf3 Bc1+ 45. Kxc1 Rxc3+ 46. Rxc3 Nxc3 47. Ne5+ Ke6 48. Kb2 Ne2 49. Nf3 f4 50. Kc2 Kf5 51. Kd2 Ng3 52. Kd3 Kg4 53. Ne5+ Kh3 54. Ng6 Nh5 55. Ke2 Kg3 56. Ne5 Ng7 57. Nf3 Nf5 58. a3 Nh4 59. Ne5 f3+ 60. Kf1 Nf5 0-1

[Event "Srpska Republic-chT 1st League"]
[Site "Banja Vrucica"]
[Date "2011.08.11"]
[Round "6"]
[White "Jelecevic, Ivo"]
[Black "Djuric, Zoran"]
[Result "0-1"]
[WhiteElo "2181"]
[BlackElo "2275"]
[PlyCount "67"]
[EventDate "2011.08.06"]
[EventType "team-tourn"]
[EventRounds "9"]
[EventCountry "BIH"]
[SourceTitle "EXT 2019"]
[Source "ChessBase"]
[SourceDate "2018.10.10"]
[SourceVersion "1"]
[SourceVersionDate "2018.10.10"]
[SourceQuality "1"]

1. e4 e5 2. Nf3 Nc6 3. Nc3 Nf6 4. g3 Bc5 5. Bg2 d6 6. 0-0 h6 7. d3 Be6 8. Be3 Qd7 9. d4 exd4 10. Nxd4 Bh3 11. Nd5 Nxd5 12. exd5 Ne5 13. Ne6 Bxg2 14. Kxg2 fxe6 15. Bxc5 dxc5 16. Qh5+ g6 17. Qxe5 Qxd5+ 18. Qxd5 exd5 19. Rfe1+ Kd7 20. Re2 Rae8 21. Rd2 Kc6 22. Rad1 Rd8 23. f4 Rd6 24. Kf3 a5 25. b3 b5 26. g4 b4 27. Re2 d4 28. Rde1 Rf8 29. Re6 g5 30. f5 Rf6 31. Rxf6 Rxf6 32. Re8 h5 33. h3 hxg4+ 34. hxg4 0-1

[Event "SRB-chT2 West"]
[Site "Valjevo"]
[Date "2010.10.14"]
[Round "6"]
[White "Muratovic, Alija"]
[Black "Djuric, Zoran"]
[Result "1-0"]
[WhiteElo "2500"]
[BlackElo "2239"]
[PlyCount "93"]
[EventDate "2010.09.12"]
[EventType "team-tourn"]
[EventRounds "9"]
[EventCountry "YUG"]
[SourceTitle "EXT 2011"]
[Source "ChessBase"]
[SourceDate "2010.11.26"]
[SourceVersion "1"]
[SourceVersionDate "2010.11.26"]
[SourceQuality "1"]

1. e4 e6 2. d4 d5 3. Nd2 Nf6 4. e5 Nfd7 5. c3 c5 6. Bd3 Nc6 7. Ne2 Qb6 8. Nf3 cxd4 9. cxd4 Bb4+ 10. Kf1 Be7 11. g3 f6 12. exf6 Bxf6 13. Kg2 0-0 14. Bc2 Nb4 15. Bb3 e5 16. a3 e4 17. Ne1 Nc6 18. Bxd5+ Kh8 19. Be3 Ne7 20. Bxe4 Qe6 21. Qd3 Nb6 22. Nf4 Qg8 23. Nf3 Nbd5 24. Ne5 Nxe3+ 25. Qxe3 g5 26. Ne2 Nd5 27. Qd3 Be6 28. Nc3 Nxc3 29. bxc3 Bxe5 30. dxe5 Rad8 31. Qe3 Qg7 32. Rhd1 Qxe5 33. Bxb7 Qxe3 34. fxe3 Rb8 35. Be4 Rb2+ 36. Kg1 Rff2 37. Rd6 Bg4 38. Rf1 Rxf1+ 39. Kxf1 Bh3+ 40. Kg1 Kg7 41. Ra6 h5 42. Rg6+ Kf7 43. Rxg5 Bg4 44. h3 Kf6 45. Rg6+ Ke5 46. hxg4 Kxe4 47. gxh5 1-0

[Event "SRB-chT2 West"]
[Site "Serbia"]
[Date "2009.09.20"]
[Round "3.6"]
[White "Djuric, Zoran"]
[Black "Rancic, Zoran"]
[Result "1-0"]
[WhiteElo "2219"]
[BlackElo "2219"]
[PlyCount "114"]
[EventDate "2009.09.06"]
[EventType "team"]
[EventRounds "11"]
[EventCountry "SRB"]
[SourceTitle "EXT 2012"]
[Source "ChessBase"]
[SourceDate "2011.11.24"]
[SourceVersion "1"]
[SourceVersionDate "2011.11.24"]
[SourceQuality "1"]

1. e4 c5 2. Nf3 d6 3. Nc3 Nf6 4. d4 cxd4 5. Nxd4 a6 6. a4 e5 7. Nf3 Be7 8. Be2 0-0 9. 0-0 Qc7 10. Bg5 Be6 11. Bxf6 Bxf6 12. Nd5 Bxd5 13. Qxd5 Nd7 14. c3 Be7 15. c4 a5 16. Nd2 Nc5 17. Nb1 Nb3 18. Qd1 Nxa1 19. Nc3 Qc5 20. Qxa1 Bd8 21. Qb1 Bb6 22. Qd3 g6 23. Nd5 Kg7 24. Qb3 Ba7 25. Qxb7 Rfe8 26. Nc7 Rab8 27. Nxe8+ Rxe8 28. Qb5 Rb8 29. Qxc5 Bxc5 30. Rb1 Rb3 31. Bd1 Rd3 32. Kf1 Rd4 33. f3 Rxc4 34. Ke2 f5 35. Bb3 Rb4 36. Bc2 Rc4 37. Kd3 Rd4+ 38. Ke2 Kf6 39. b3 h5 40. Bd3 Kg5 41. Rc1 Rb4 42. Bc4 h4 43. Kd3 Kf4 44. Rf1 Rb7 45. Bd5 Rc7 46. Rc1 Rc8 47. Rc4 Kg5 48. Ke2 Rb8 49. Rc1 Kf4 50. Rc4 Kg5 51. Rc2 Rb4 52. g3 Rb8 53. gxh4+ Kf6 54. h5 Rh8 55. hxg6 Rxh2+ 56. Kd3 Rh3 57. exf5 Rh4 1-0

[Event "SRB-chT2 West"]
[Site "Serbia"]
[Date "2007.10.19"]
[Round "9"]
[White "Djuric, Zoran"]
[Black "Radivojevic, Ivan"]
[Result "1/2-1/2"]
[WhiteElo "2205"]
[BlackElo "2343"]
[PlyCount "101"]
[EventDate "2007.09.09"]
[EventType "team"]
[EventRounds "11"]
[EventCountry "SRB"]
[SourceTitle "EXT 2012"]
[Source "ChessBase"]
[SourceDate "2011.11.24"]
[SourceVersion "1"]
[SourceVersionDate "2011.11.24"]
[SourceQuality "1"]
[WhiteTeam "Sloga Simaks"]
[BlackTeam "Pozega"]
[WhiteTeamCountry "SRB"]
[BlackTeamCountry "SRB"]

1. e4 c6 2. d4 d5 3. exd5 cxd5 4. c4 Nf6 5. Nc3 e6 6. Nf3 Bb4 7. a3 Bxc3+ 8. bxc3 Nc6 9. Bd3 dxc4 10. Bxc4 0-0 11. 0-0 h6 12. Re1 Qc7 13. Bd3 Na5 14. Bd2 Nc4 15. Ne5 Nxd2 16. Qxd2 Nd7 17. f4 b6 18. Re3 Bb7 19. Rg3 f5 20. Nxd7 Qxd7 21. Re1 Rac8 22. Qb2 Bd5 23. Ba6 Rc7 24. Rge3 Qd6 25. g3 Ba8 26. Be2 Rfc8 27. Bf3 Bxf3 28. Rxf3 Qd5 29. Rfe3 Rc6 30. Re5 Qc4 31. R1e3 Rd8 32. Qb5 Qxb5 33. Rxb5 Rdc8 34. Rb3 Kf7 35. Kf2 g5 36. Kf3 g4+ 37. Ke2 h5 38. Kd2 h4 39. Kc2 Rd6 40. Kd3 hxg3 41. hxg3 Rh8 42. Rb4 Ke7 43. a4 a6 44. a5 b5 45. c4 bxc4+ 46. Rxc4 Rh1 47. Rc5 Rg1 48. Rc3 Kd7 49. Ke2 Rg2+ 50. Ke1 Ra2 51. Re5 1/2-1/2

[Event "MNT-chT1"]
[Site "Podgorica"]
[Date "2007.09.02"]
[Round "2"]
[White "Djuric, Zoran"]
[Black "Vesovic, Nebojsa"]
[Result "1-0"]
[WhiteElo "2205"]
[BlackElo "2106"]
[PlyCount "69"]
[EventDate "2007.08.26"]
[EventType "team-tourn"]
[EventRounds "9"]
[EventCountry "MNE"]
[SourceTitle "EXT 2009"]
[Source "ChessBase"]
[SourceDate "2008.11.26"]
[SourceVersion "1"]
[SourceVersionDate "2008.11.26"]
[SourceQuality "1"]

1. e4 d5 2. exd5 Qxd5 3. Nc3 Qa5 4. Nf3 Bg4 5. h3 Bh5 6. a3 c6 7. b4 Qc7 8. g4 Bg6 9. Bb2 e6 10. d4 Nf6 11. Ne5 Bd6 12. Qe2 Nbd7 13. Na4 Nd5 14. c4 Ne7 15. Bg2 Bxe5 16. dxe5 h5 17. f4 Rc8 18. 0-0 hxg4 19. hxg4 c5 20. b5 a6 21. Nc3 Rd8 22. Rad1 Rh6 23. Bf3 Bh7 24. Kg2 Ng6 25. Bc1 Nh4+ 26. Kg3 Nxf3 27. Rxf3 f5 28. g5 Rh5 29. Rfd3 Bg6 30. Rd6 Ke7 31. Be3 Rh7 32. Qd3 Bh5 33. Nd5+ exd5 34. Qxf5 g6 35. Re6# 1-0

[Event "SRB-chT2 West"]
[Site "Serbia"]
[Date "2006.10.27"]
[Round "9.1"]
[White "Djuric, Zoran"]
[Black "Zivkovic, Ivan"]
[Result "1-0"]
[WhiteElo "2181"]
[BlackElo "2155"]
[PlyCount "106"]
[EventDate "2006.09.09"]
[EventType "team"]
[EventRounds "11"]
[EventCountry "SRB"]
[SourceTitle "EXT 2012"]
[Source "ChessBase"]
[SourceDate "2011.11.24"]
[SourceVersion "1"]
[SourceVersionDate "2011.11.24"]
[SourceQuality "1"]

1. e4 c5 2. c3 d5 3. exd5 Qxd5 4. d4 Nf6 5. Nf3 Bg4 6. Be2 e6 7. Be3 cxd4 8. Bxd4 Nc6 9. Qa4 Bh5 10. Nbd2 Nd7 11. 0-0 Nxd4 12. cxd4 a6 13. Bc4 Qd6 14. d5 exd5 15. Rfe1+ Be7 16. Rad1 0-0 17. Bxd5 Nb6 18. Qe4 Nxd5 19. Nc4 Bxf3 20. Qxf3 Qb4 21. Qxd5 Rad8 22. Qe4 Rxd1 23. Rxd1 b5 24. a3 Qb3 25. Ne3 Bf6 26. Rd2 g6 27. g3 h5 28. h4 Kg7 29. Kg2 Rd8 30. Rxd8 Bxd8 31. Qd5 Qxd5+ 32. Nxd5 Kf8 33. Kf3 Ke8 34. Ke4 Kd7 35. b3 Kd6 36. Kd4 Ba5 37. b4 Bd8 38. Ke4 Ke6 39. f3 Kd6 40. Kd4 Kc6 41. Ke5 Kd7 42. f4 Kc6 43. Nc3 Be7 44. Ne2 a5 45. Nd4+ Kb7 46. Nxb5 axb4 47. axb4 Bxb4 48. Nd6+ Kc6 49. Nxf7 Be1 50. Kf6 Bxg3 51. Ne5+ Kd5 52. Nxg6 Ke4 53. f5 Be1 1-0